[Event "Guernsey Holiday op"]
[Site "Guernsey"]
[Date "2002.10.24"]
[Round "5"]
[White "Brown, JM."]
[Black "Escher, Helmut"]
[Result "1/2-1/2"]
[WhiteElo "1176"]
[BlackElo "1448"]
[PlyCount "117"]
[EventDate "2002.10.20"]
[EventType "swiss"]
[EventRounds "7"]
[EventCountry "GCI"]
[SourceTitle "EXT 2004"]
[Source "ChessBase"]
[SourceDate "2003.11.25"]
[SourceVersion "1"]
[SourceVersionDate "2003.11.25"]
[SourceQuality "1"]

1. Nf3 d5 2. d4 Bg4 3. Ne5 Bf5 4. e3 e6 5. Be2 Bd6 6. Nf3 Nf6 7. 0-0 Nc6 8. Bd2 Nb4 9. Bxb4 Bxb4 10. c3 Be7 11. Nbd2 0-0 12. Ne5 Rc8 13. b4 b6 14. a3 c5 15. b5 cxd4 16. Nc6 Qd7 17. cxd4 Bd6 18. Nf3 Ne4 19. Nfe5 Qb7 20. Qe1 f6 21. Nf3 g5 22. h3 Qg7 23. g4 Bg6 24. Kg2 h5 25. Rh1 f5 26. Nfe5 fxg4 27. hxg4 Rxf2+ 28. Kg1 Rxe2 29. Qxe2 Ng3 30. Qg2 Nxh1 31. Qxh1 hxg4 32. Nxg4 Be4 33. Nh6+ Kf8 34. Rf1+ Ke8 35. Qh5+ Qg6 36. Qxg6+ Bxg6 37. Rf6 Bd3 38. a4 a6 39. Nf7 Bf8 40. Nxg5 axb5 41. Rxe6+ Kd7 42. Ne5+ Kc7 43. Nxd3 bxa4 44. Rf6 Kb7 45. Ne6 Ba3 46. Rf7+ Kc6 47. Rf2 Rg8+ 48. Kf1 Re8 49. Ne5+ Kd6 50. Ra2 Rxe6 51. Rxa3 b5 52. Ke2 Re8 53. Nd3 Rc8 54. Nc5 Kc6 55. Kd2 Kb6 56. Kc3 Ka5 57. Kb2 Kb4 58. Na6+ Ka5 59. Nc5 1/2-1/2

[Event "Guernsey Holiday op"]
[Site "Guernsey"]
[Date "2002.10.22"]
[Round "3"]
[White "O'Connor, Jonathan"]
[Black "Brown, JM."]
[Result "0-1"]
[WhiteElo "2190"]
[BlackElo "1176"]
[PlyCount "74"]
[EventDate "2002.10.20"]
[EventType "swiss"]
[EventRounds "7"]
[EventCountry "GCI"]
[SourceTitle "EXT 2004"]
[Source "ChessBase"]
[SourceDate "2003.11.25"]
[SourceVersion "1"]
[SourceVersionDate "2003.11.25"]
[SourceQuality "1"]

1. d4 d6 2. e4 c6 3. Nc3 Nd7 4. Nf3 e5 5. Be3 Be7 6. a3 Ngf6 7. Qd3 0-0 8. 0-0-0 b5 9. Na2 a5 10. dxe5 dxe5 11. h4 Ng4 12. h5 h6 13. Rh3 b4 14. Rg3 Ndf6 15. Qc4 Qc7 16. Bc5 Be6 17. Qe2 Bxc5 18. Nh4 Bxa2 19. Rxg4 Nxg4 20. Qxg4 Be6 21. Nf5 Bxf5 22. Qxf5 Rad8 23. Bc4 Rxd1+ 24. Kxd1 Qd8+ 25. Ke2 Qf6 26. axb4 Qxf5 27. exf5 Bxb4 28. c3 Bc5 29. g4 Be7 30. f3 Rb8 31. b3 c5 32. Ke3 Rd8 33. f4 exf4+ 34. Kxf4 Bg5+ 35. Ke5 Bd2 36. f6 Bxc3+ 37. Kf5 Bxf6 0-1